00682nam a22002297a 450000500170000001000130001702000100003003500130004003700170005304000120007008200130008210000220009524500510011726000420016827000140021030000200022465000200024465000270026494200220029199900190031395201200033220170124110246.0 aA-372812 c00.00 aA-372812 bCen Lib/ Ret aDPLbEN a500bSHA aSharma, A.997471 aComprehensive general science /cby A. Sharma  aNew DelhibDiscovery publishing house bNew Delhi a323p.c21cm(Hb) aScience 910795 aApplied science 97670 2ddccENh500mSHA c135510d135510 00104070aLbLd2015-10-06eCen Lib/Retg0.00l0o500 SHApA-372812r2015-10-06 00:00:00t1v0.00w2015-10-06yEN